| 000 | 00734cab a22001935a 4500 | ||
|---|---|---|---|
| 001 | L156349 | ||
| 008 | 120515e20120428xxk 000 0 eng d | ||
| 035 | _a(Sirsi) u156349 | ||
| 041 | 0 | _aeng | |
| 110 | 2 |
_aCraig, Jenny _96071 |
|
| 245 | 0 | 0 | _aIs it time to turnaround turnover agreement? |
| 260 | _c2012 | ||
| 490 |
_aEstates Gazette _v(1217) 28 April 2012, 108(1) |
||
| 520 | _aLandlords should check the wording of turnover based rent deals to avoid missing out on increased sales due to new shopping techniques. Recommends suitable turnover agreement wording to reflect these changing retail practices now and in the future. | ||
| 590 | _aKA | ||
| 651 | 4 | _aUnited Kingdom | |
| 690 |
_aLandlord and tenant _96252 |
||
| 942 | _n0 | ||
| 999 |
_c83991 _d83991 |
||